004330000a220008500045001000018000002450037000183000048000555200195001037730049002981 aTinto, Vicent10aTres Lecciones cinco Estrategias aVol.0, núm.14 ( Febrero, 2010), Pág. 18 aLas experiencias del caso estaunidense en materia de retención estudiantil en la educación superior brindan información valiosa para la adaptación de acciones semejantes en Colombia.0 tEducación superior : Boletín informativo